| 000 | 01077fam a2200325 a 4500 | ||
|---|---|---|---|
| 001 | 2307360 | ||
| 003 | ARRUPE | ||
| 005 | 20140520020005.0 | ||
| 008 | 991202s1999 enk b 001 0 eng | ||
| 010 | _a 99461878 | ||
| 020 | _a0745614981 (hc : alk. paper) | ||
| 020 | _a074561499X (pbk) | ||
| 035 | _a(OCoLC)42954492 | ||
| 035 | _a(OCoLC)ocm42954492 | ||
| 035 | _a(NNC)2307360 | ||
| 040 |
_aDLC _cDLC _dDLC |
||
| 050 | 0 | 0 |
_aJZ1308 _b.G59 1999 |
| 245 | 0 | 0 |
_aGlobal transformations : _bpolitics, economics and culture / _cDavid Held ... [et al.]. |
| 260 |
_aCambridge, UK : _bPolity Press, _c1999. |
||
| 300 |
_axxiii, 515 p. : _bill., maps ; _c26 cm. |
||
| 504 | _aIncludes bibliographical references (p. [459]-492) and index. | ||
| 650 | 0 |
_aInternational organization. _97905 |
|
| 650 | 0 |
_aInternational economic relations. _97906 |
|
| 650 | 0 |
_aInternational relations and culture. _97907 |
|
| 650 | 0 |
_aWorld politics _y1989- _932 |
|
| 650 | 0 |
_aInternational relations. _97908 |
|
| 700 | 1 |
_aHeld, David. _97909 |
|
| 942 |
_2lcc _cMONOGRAPH _01 |
||
| 999 |
_c119928 _d119928 |
||